00416nam a2200157Ia 45000010006000000050017000060080041000230410008000640820016000721000022000882450090001102600009002003000033002096500008002426540008002502152320260306172925.0260306t2013||||xx |||||||||||||| ||spa|| aESP a692.5bP668 aPotts, KeitheAUT 0aConstruction cost management, learning from case studies:blearning from case studies c2013 axix, 367 páginas :c25 cm. aGEN aCIC